HIV testing among heterosexual young adults: The influence of partners' risk behaviors and relationship dynamics

Guardado en:  
Detalles Bibliográficos
Autores principales: Longmore, Monica A. (Autor) ; Giordano, Peggy C. (Autor) ; Manning, Wendy D. (Autor) ; Johnson, Wendi L. (Autor)
Tipo de documento: Electrónico Artículo
Lenguaje:Inglés
Publicado: 2013
En: The Journal of sex research
Año: 2013, Volumen: 50, Número: 5, Páginas: 489-501
Acceso en línea: Volltext (kostenfrei)
Verificar disponibilidad: HBZ Gateway

MARC

LEADER 00000caa a22000002c 4500
001 1912574837
003 DE-627
005 20250121055015.0
007 cr uuu---uuuuu
008 241217s2013 xx |||||o 00| ||eng c
024 7 |a 10.1080/00224499.2012.661101  |2 doi 
035 |a (DE-627)1912574837 
035 |a (DE-599)KXP1912574837 
040 |a DE-627  |b ger  |c DE-627  |e rda 
041 |a eng 
084 |a 2,1  |2 ssgn 
100 1 |a Longmore, Monica A.  |e VerfasserIn  |4 aut 
245 1 0 |a HIV testing among heterosexual young adults: The influence of partners' risk behaviors and relationship dynamics 
264 1 |c 2013 
336 |a Text  |b txt  |2 rdacontent 
337 |a Computermedien  |b c  |2 rdamedia 
338 |a Online-Ressource  |b cr  |2 rdacarrier 
700 1 |a Giordano, Peggy C.  |e VerfasserIn  |0 (DE-588)141649879  |0 (DE-627)630404747  |0 (DE-576)325155321  |4 aut 
700 1 |a Manning, Wendy D.  |e VerfasserIn  |0 (DE-588)171674804  |0 (DE-627)061905119  |0 (DE-576)132450577  |4 aut 
700 1 |a Johnson, Wendi L.  |e VerfasserIn  |4 aut 
773 0 8 |i Enthalten in  |t The Journal of sex research  |d New York, NY : Routledge, Taylor & Francis Group, 1965  |g 50(2013), 5, Seite 489-501  |h Online-Ressource  |w (DE-627)341339431  |w (DE-600)2066650-0  |w (DE-576)264151968  |x 1559-8519  |7 nnas 
773 1 8 |g volume:50  |g year:2013  |g number:5  |g pages:489-501 
787 0 8 |i Forschungsdaten  |a Giordano, Peggy C.  |t Toledo Adolescent Relationships Study (TARS): Wave 1, 2001  |d [Erscheinungsort nicht ermittelbar] : [Verlag nicht ermittelbar], 2008  |w (DE-627)1840050055 
856 4 0 |u https://doi.org/10.1080/00224499.2012.661101  |x Resolving-System  |z kostenfrei  |3 Volltext  |7 0 
935 |a mkri 
951 |a AR 
ELC |a 1 
LOK |0 000 xxxxxcx a22 zn 4500 
LOK |0 001 463754033X 
LOK |0 003 DE-627 
LOK |0 004 1912574837 
LOK |0 005 20241217044534 
LOK |0 008 241217||||||||||||||||ger||||||| 
LOK |0 035   |a (DE-2619)ICPSR118746 
LOK |0 040   |a DE-2619  |c DE-627  |d DE-2619 
LOK |0 092   |o n 
LOK |0 852   |a DE-2619 
LOK |0 852 1  |9 00 
LOK |0 935   |a nacp 
LOK |0 939   |a 17-12-24  |b l01 
OAS |a 1 
ORI |a SA-MARC-krimdoka001.raw